Catalog

Record Details

Catalog Search



The lies that bind : a novel  Cover Image Book Book

The lies that bind : a novel / Emily Giffin.

Giffin, Emily, (author.).

Summary:

"It's 2 AM on a Saturday night in the spring of 2001, and twenty-eight-year old Cecily Gardner sits alone in a dive bar on New York's Lower East Side, questioning her life. Feeling lonesome and homesick for the Midwest, she wonders if she'll ever make it as a reporter in the big city--and whether she made a terrible mistake in breaking up with her longtime boyfriend Matthew. As Cecily reaches for the phone to call him, she hears a guy on the barstool next to her say, "Don't do it--you'll regret it." Something tells her to listen to him, and over the next several hours--and shots of tequila--the two forge an unlikely connection. That should be it, they both decide the next morning, as Cecily reminds herself of the perils of a rebound relationship. Moreover, the timing couldn't be worse--Grant is preparing to quit his job and move overseas. Yet despite all their obstacles, they can't seem to say goodbye, and for the first time in her carefully-constructed life, Cecily follows her heart over her head. Then Grant disappears in the chaos of 9/11. Fearing the worst, Cecily spots his face on a missing person poster, and realizes she is not the only one searching for him. Her investigative reporting instincts kick into action as she vows to discover the truth. But the questions pile up fast: How well did she really know Grant? Did he ever really love her? And is it possible to love a man who wasn't who he seemed to be? The Lies That Bind is a mesmerizing and emotionally resonant exploration of the never-ending search for love and truth--in our relationships, careers, and deep within our own hearts"-- Provided by publisher.

Record details

  • ISBN: 9780399178955
  • ISBN: 0399178953
  • Physical Description: 338 pages ; 25 cm
  • Edition: First edition.
  • Publisher: New York : Ballantine Books, 2020
Subject: Reporters and reporting > Fiction.
Man-woman relationships > Fiction.
Missing persons > Fiction.
September 11 Terrorist Attacks, 2001 > Fiction.
Psychological fiction.
Secrecy > Fiction.
New York (N.Y.) > Fiction.
Genre: Romance fiction.

Available copies

  • 1 of 1 copy available at scottsboropl.

Holds

  • 0 current holds with 1 total copy.
Show Only Available Copies
Location Call Number / Copy Notes Barcode Shelving Location Status Due Date
scottsboropl F Gri 32269001153124 Adult - Fiction Available -

LDR 02912nam a22003978i 4500
001154186
003CONS
00520200601105921.0
008200413s2020 nyu e 000 1 eng
010 . ‡a 2020002353
020 . ‡a9780399178955 ‡q(hardcover)
020 . ‡a0399178953 ‡q(hardcover)
035 . ‡a(CPomAG)LMN617957
042 . ‡apcc
05000. ‡aPS3607.I28 ‡bL54 2020
08200. ‡a813/.6 ‡223
1001 . ‡aGiffin, Emily, ‡eauthor.
24514. ‡aThe lies that bind : ‡ba novel / ‡cEmily Giffin.
250 . ‡aFirst edition.
264 1. ‡aNew York : ‡bBallantine Books, ‡c2020
300 . ‡a338 pages ; ‡c25 cm
336 . ‡atext ‡btxt ‡2rdacontent
337 . ‡aunmediated ‡bn ‡2rdamedia
338 . ‡avolume ‡bnc ‡2rdacarrier
520 . ‡a"It's 2 AM on a Saturday night in the spring of 2001, and twenty-eight-year old Cecily Gardner sits alone in a dive bar on New York's Lower East Side, questioning her life. Feeling lonesome and homesick for the Midwest, she wonders if she'll ever make it as a reporter in the big city--and whether she made a terrible mistake in breaking up with her longtime boyfriend Matthew. As Cecily reaches for the phone to call him, she hears a guy on the barstool next to her say, "Don't do it--you'll regret it." Something tells her to listen to him, and over the next several hours--and shots of tequila--the two forge an unlikely connection. That should be it, they both decide the next morning, as Cecily reminds herself of the perils of a rebound relationship. Moreover, the timing couldn't be worse--Grant is preparing to quit his job and move overseas. Yet despite all their obstacles, they can't seem to say goodbye, and for the first time in her carefully-constructed life, Cecily follows her heart over her head. Then Grant disappears in the chaos of 9/11. Fearing the worst, Cecily spots his face on a missing person poster, and realizes she is not the only one searching for him. Her investigative reporting instincts kick into action as she vows to discover the truth. But the questions pile up fast: How well did she really know Grant? Did he ever really love her? And is it possible to love a man who wasn't who he seemed to be? The Lies That Bind is a mesmerizing and emotionally resonant exploration of the never-ending search for love and truth--in our relationships, careers, and deep within our own hearts"-- ‡cProvided by publisher.
650 0. ‡aReporters and reporting ‡vFiction.
650 0. ‡aMan-woman relationships ‡vFiction.
650 0. ‡aMissing persons ‡vFiction.
650 0. ‡aSeptember 11 Terrorist Attacks, 2001 ‡vFiction.
650 0. ‡aPsychological fiction.
650 0. ‡aSecrecy ‡vFiction.
651 0. ‡aNew York (N.Y.) ‡vFiction.
655 7. ‡aRomance fiction. ‡2lcgft
914 . ‡aSCP_LP
959 . ‡i32269001153124 ‡lF Gri ‡aAdult - Fiction ‡t7-day ‡g30.00
852 . ‡p32269001153124 ‡jF Gri ‡gAdult - Fiction ‡c7-day ‡y30.00 ‡bSBPL
901 . ‡a154186 ‡bUnknown ‡c154186 ‡tbiblio

Additional Resources